000 00510cam a2200193ua 4500
020 _c30.00
041 _aeng
_h
082 _a658.501
_bJAI/IN
100 _aJain, K C .
245 _aIndustrial engineering management science and general mechanical engineering /
_cK C Jain.
_hTextual Documents
250 _a1 /
_b.
260 _aDelhi :
_bKhanna publishers ,
_c1982.
300 _a485 ; .
365 _a30.00
504 _a
700 1 _aAgarwal, L N .
942 _cBK
999 _c2671
_d2671